书目信息 |
| 题名: |
国家环境安全战略报告
|
|
| 作者: | 解振华 主编 | |
| 分册: | ||
| 出版信息: | 北京 中国环境科学出版社 2005 |
|
| 页数: | 11,115页 | |
| 开本: | 30cm | |
| 丛书名: | ||
| 单 册: | ||
| 中图分类: | X-12 | |
| 科图分类: | ||
| 主题词: | 环境保护--研究报告--中国 , 环境保护 | |
| 电子资源: | ||
| ISBN: | 7-80209-126-8 | |
| 000 | 00770nam0 2200229 450 | |
| 001 | 002996473 | |
| 005 | 20070806181631.76 | |
| 010 | @a7-80209-126-8@dCNY25.00 | |
| 100 | @a20050616d2005 em y0chiy0110 ea | |
| 101 | 0 | @achi |
| 102 | @aCN@b110000 | |
| 105 | @ay z 000yy | |
| 200 | 1 | @a国家环境安全战略报告@9guo jia huan jing an quan zhan lve bao gao@f解振华主编 |
| 210 | @a北京@c中国环境科学出版社@d2005 | |
| 215 | @a11,115页@d30cm | |
| 330 | @a本书分为四大部分,包括了国家环境安全战略研究背景、国家环境安全状况、未来20年国家环境安全发展趋势、保障国家环境安全总体战略及其对策等。 | |
| 606 | 0 | @a环境保护@x研究报告@y中国 |
| 606 | 0 | @a环境保护 |
| 690 | @aX-12@v4 | |
| 701 | 0 | @a解振华@9xie zhen hua@4主编 |
| 801 | 0 | @aCN@bNLC@c20070806 |
| 905 | @a10447@dX-12@e167 | |
| 国家环境安全战略报告/解振华主编.-北京:中国环境科学出版社,2005 |
| 11,115页;30cm |
| ISBN 7-80209-126-8:CNY25.00 |
| 本书分为四大部分,包括了国家环境安全战略研究背景、国家环境安全状况、未来20年国家环境安全发展趋势、保障国家环境安全总体战略及其对策等。 |
| ● |
| 相关链接 |
|
|
|
|
正题名:国家环境安全战略报告
索取号:X-12/167
 
预约/预借
| 序号 | 登录号 | 条形码 | 馆藏地/架位号 | 状态 | 备注 |
| 1 | 0805178 | 208051784 | 第二样本阅览室/ [索取号:X-12/167] | 在馆 | |
| 2 | 0805179 | 208051793 | 第三借阅区/ [索取号:X-12/167] | 在馆 |